[Event "Eforie Nord op"]
[Site "Eforie Nord"]
[Date "2002.??.??"]
[Round "3"]
[White "Moldovan, Daniel"]
[Black "Beliaev, Sergei V"]
[Result "1-0"]
[WhiteElo "2462"]
[BlackElo "2224"]
[PlyCount "155"]
[EventDate "2002.??.??"]
[EventType "swiss"]
[EventRounds "11"]
[EventCountry "ROU"]
[SourceTitle "EXT 2003"]
[Source "ChessBase"]
[SourceDate "2002.11.25"]
[SourceVersion "1"]
[SourceVersionDate "2002.11.25"]
[SourceQuality "1"]

1. e4 d6 2. d4 Nf6 3. Nc3 g6 4. Nf3 Bg7 5. Be2 0-0 6. 0-0 c6 7. a4 Nbd7 8. Be3 Qc7 9. Nd2 e5 10. dxe5 dxe5 11. Nc4 Rd8 12. Qd6 Qxd6 13. Nxd6 Nf8 14. Nxc8 Rdxc8 15. Bc4 Ne6 16. Bxe6 fxe6 17. Rfd1 Kf7 18. f3 Bf8 19. Kf2 Bb4 20. Na2 Ba5 21. Nc1 Bb6 22. Nb3 Bxe3+ 23. Kxe3 b6 24. Nd2 Ke7 25. Nc4 Nd7 26. Rd2 Rc7 27. h4 Rd8 28. Rad1 Rb8 29. Ke2 Rf8 30. Rh1 Rg8 31. g4 Rh8 32. g5 b5 33. Ne3 h6 34. Rdd1 h5 35. Rd2 Rd8 36. Rhd1 Rcc8 37. a5 Nc5 38. Rxd8 Rxd8 39. Rxd8 Kxd8 40. b4 Na6 41. c3 Ke7 42. Nc2 Kd6 43. Na3 Nb8 44. Kd3 a6 45. c4 Nd7 46. Kc3 Nb8 47. Nc2 Nd7 48. Ne1 Ke7 49. Nd3 Kf7 50. cxb5 cxb5 51. Kd2 Ke7 52. Ke2 Kf7 53. Kf2 Ke7 54. Kg3 Kd6 55. Kf2 Ke7 56. Ke2 Kd6 57. Kf2 Ke7 58. f4 Kd6 59. fxe5+ Kc6 60. Ke3 Kc7 61. Kd4 Kc6 62. Nf4 Nf8 63. Ke3 Kc7 64. Ne2 Nd7 65. Nd4 Nf8 66. Nb3 Nd7 67. Kd4 Kc6 68. Nd2 Nf8 69. Nf1 Nd7 70. Ng3 Nf8 71. Ke3 Kc7 72. Kd3 Kb7 73. Ne2 Nd7 74. Kd4 Kc7 75. Nf4 Nf8 76. Nd5+ Kc6 77. Nf6 Nd7 78. Nxh5 1-0

[Event "Eforie Nord op"]
[Site "Eforie Nord"]
[Date "2002.??.??"]
[Round "7"]
[White "Salageanu, Petru Gabriel"]
[Black "Beliaev, Sergei V"]
[Result "1-0"]
[WhiteElo "2169"]
[BlackElo "2224"]
[PlyCount "75"]
[EventDate "2002.??.??"]
[EventType "swiss"]
[EventRounds "11"]
[EventCountry "ROU"]
[SourceTitle "EXT 2003"]
[Source "ChessBase"]
[SourceDate "2002.11.25"]
[SourceVersion "1"]
[SourceVersionDate "2002.11.25"]
[SourceQuality "1"]

1. e4 d6 2. d4 Nf6 3. Nc3 g6 4. f3 c6 5. Be3 Nbd7 6. Qd2 b5 7. Nh3 Bb7 8. Bd3 Qc7 9. Ne2 a6 10. c3 e5 11. 0-0 Bg7 12. Nf2 0-0 13. Bh6 Rfe8 14. Bxg7 Kxg7 15. f4 exd4 16. cxd4 c5 17. d5 c4 18. Bc2 Nc5 19. Ng3 Ng8 20. f5 Qe7 21. Ng4 f6 22. fxg6 hxg6 23. Rf4 Bc8 24. Raf1 Nd7 25. h4 Rf8 26. h5 Ne5 27. Ne3 Nh6 28. hxg6 Kxg6 29. Qe2 Qh7 30. Rh4 Rh8 31. Nef5 Bxf5 32. Nxf5 Neg4 33. e5 Qa7+ 34. Ne3+ f5 35. Rxg4+ Nxg4 36. Qxg4+ Kh6 37. Qf4+ Kg7 38. Qg5+ 1-0

[Event "Ikaria op"]
[Site "Ikaria"]
[Date "1998.??.??"]
[Round "2"]
[White "Beliaev, Sergei V"]
[Black "Mastrovasilis, Athanasios"]
[Result "0-1"]
[WhiteElo "2290"]
[BlackElo "2320"]
[PlyCount "52"]
[EventDate "1998.??.??"]
[EventType "swiss"]
[EventRounds "9"]
[EventCountry "GRE"]
[SourceTitle "EXT 2000"]
[Source "ChessBase"]
[SourceDate "1999.11.16"]
[SourceVersion "1"]
[SourceVersionDate "1999.11.16"]
[SourceQuality "1"]

1. d4 Nf6 2. Nf3 e6 3. Bg5 h6 4. Bh4 c5 5. e3 b6 6. Nbd2 Bb7 7. h3 Be7 8. Bd3 Nc6 9. c3 cxd4 10. exd4 Nh5 11. Bxe7 Qxe7 12. 0-0 Nf4 13. Bb5 g5 14. Re1 0-0-0 15. Bf1 h5 16. Ne4 g4 17. Qd2 Nxg2 18. Bxg2 gxf3 19. Bxf3 Rhg8+ 20. Kh2 f5 21. Ng3 Qd6 22. h4 Ne7 23. Bxb7+ Kxb7 24. Qh6 Rg4 25. Qxh5 Ng6 26. Kg1 Rh8 0-1